00397 2200169 4500245004700000020002200047250001000069100001900079700001600098650001200114005001900126260002900145041001400174084000800188300002200196336000900218 aIkhlas Paling SeriuscFajar SulaimanhText a978-979-794-626-5 aCet.5 aFajar Sulaiman a@falenzaman aRomansa a20241015142910 aJakartabMediakitac2021 aIndonesia a811 a168 hlm. :cilus. atext